000 00547nam a22001697a 4500
005 20250228082549.0
008 240304b ||||| |||| 00| 0 eng d
020 _a9788854410657
082 _aDC 306
_bD361 2016
100 _aDe Fabianis, Valeria Manferto.
_953968
245 _a365 inspirations for a joyful life /
_cValeria Manferto De Fabianis.
260 _aItaly :
_bWhite Star Publisher,
_c©2016.
300 _a396 pages :
_bcolor illustrations ;
_c21 cm.
650 _aWell-being.
_954342
650 _aHappiness.
_954354
942 _2ddc
_cDC
999 _c19518
_d19518